000 00696nam a2200217 i 4500
001 17451
003 ES-MaACL
005 20230906151604.0
007 t|
008 010306s2000 sp ||||1| spa d
020 _a84-95265-15-X
080 _a347.18(460)
100 1 _aParís Alonso, Juan Antonio.
_989146
245 1 0 _aManual de registro civil para los registradores consulares /
_cJuan Antonio París Alonso.
250 _a4ª ed.
260 _aMadrid :
_bMinisterio de Asuntos Exteriores,
_c2000.
300 _a432 p. ;
_c22 cm.
650 1 4 _aRegistro civil-
_zEspaña.
_916755
710 1 _aEspaña.
_bMinisterio de Asuntos Exteriores.
_93845
852 _aES-MaACL
_jL-24350
_bR.129865
999 _c17451
_d17451